Baker,baker,cookie maker. (Record no. 114239)
[ view plain ]
| 000 -LEADER | |
|---|---|
| fixed length control field | 00302nam a2200121 a 4500 |
| 005 - DATE AND TIME OF LATEST TRANSACTION | |
| control field | 20140414132053.0 |
| 008 - FIXED-LENGTH DATA ELEMENTS--GENERAL INFORMATION | |
| fixed length control field | 110715s19uu xx 00 eng d |
| 050 ## - LIBRARY OF CONGRESS CALL NUMBER | |
| Classification number | ER |
| Item number | Ba167 1998 |
| 100 ## - MAIN ENTRY--PERSONAL NAME | |
| Personal name | Hayward, Linda |
| 245 ## - TITLE STATEMENT | |
| Title | Baker,baker,cookie maker. |
| 260 ## - PUBLICATION, DISTRIBUTION, ETC. (IMPRINT) | |
| Place of publication, distribution, etc | U.S.A : |
| Name of publisher, distributor, etc | CTW, |
| Date of publication, distribution, etc | 1998. |
| Withdrawn status | Lost status | Damaged status | Home library | Current library | Shelving location | Date acquired | Source of acquisition | Total Checkouts | Full call number | Barcode | Date last seen | Price effective from | Koha item type |
|---|---|---|---|---|---|---|---|---|---|---|---|---|---|
| Munich Library | Munich Library | Easy Reading Section | 07/15/2011 | ER Ba167 1998 | M6000 | 04/14/2014 | 04/14/2014 | Books |